000 00834nam a22002411 4500
001 gs 13000970
003 DLC
005 20260227111315.0
008 770317s1913 dcuabf b f00010 eng c
010 _ags 13000970
040 _aU.S. Geol. Survey. Libr. (200) E no. 538
_cak
043 _an-us-ak
050 0 _aQE75
_b.B9 no. 538
051 _aQE84.C6
_bP6
_cCopy 2.
100 1 0 _aPrindle, Louis Marcus,
_d1865-1956.
245 1 2 _aA geological reconnaissance of the Circle quadrangle, Alaska,
_cby L. M. Prindle.
260 0 _aWashington,
_bGovt. print. off.,
_c1913.
300 _a82 p.
_billus., plates, 2 fold. maps (in pocket)
_c24 cm.
490 0 _aUnited States. Geological survey. Bulletin 538
500 _aSome plates printed on both sides of leaf.
504 _aBibliography: p. 10-12.
650 0 _aGeology
_zAlaska.
999 _c25317
_d25317